00369nam a2200133Ia 4500008004100000041000800041082001100049100002400060245005000084260003400134300001300168650002800181700002600209260514s2025 xx 000 0 und d aeng bM-3793 aDR.PRASHANT PINGALE aMOLECULAR PHARMACEUTICS NANOTECH AND TARGETED aPUNEbEVEREST PUB HOUSEc2025 aP.B./418 aMOLECULAR PHARMACEUTICS aDR.AMATJITSING RAJPUT